Pertemuan yang dikesalkan
| Main Author: | |
|---|---|
| Format: | Book |
| Published: |
Petaling Jaya :
Pelanduk Publications (M) Sdn.Bhd. ,
1986
|
| Subjects: |
MARC
| LEADER | 00000cam a2200000 7i4500 | ||
|---|---|---|---|
| 001 | 0000006619 | ||
| 002 | 000007141 | ||
| 005 | 20000330.0 | ||
| 020 | |a 967978097X | ||
| 090 | 0 | 0 | |a F |b YUN |
| 100 | 0 | |a Yun Lifeng | |
| 245 | 1 | 0 | |a Pertemuan yang dikesalkan |c Yun Lifeng |
| 260 | |a Petaling Jaya : |b Pelanduk Publications (M) Sdn.Bhd. , |c 1986 | ||
| 300 | |a 173p. ; |c 18cm. | ||
| 650 | 0 | 0 | |a Malay fiction |
| 999 | |a 038393 |b BUKU |c PINJAMAN |e PERPUSTAKAAN KOMUNITI PETALING JAYA | ||